00836 a2200157 45000010006000000050017000060080041000230030015000640400040000790800035001192450053001542640035002073000019002425050395002611000022006562995720260407155610.0260407a1979 arg spa dAR-UNSa-BCEJYS aAR-UNSa-BCEJYSbspacAR-UNSa-BCEJYS a657.47xContabilidad de Costos10aManual de costos y precios para la exportación 1aBuenos Aires :bCangalloc1979 a422 p.c23 cm. aParte I - 1. Introducción - 2. Cálculo de costos y precios - 3. Análisis de los rubros de la planilla de cálculo - 4. Cálculo del ajuste compensador - 5. Casos prácticos para el cálculo de costos y precios - Parte II Importación - 1. Cálculo del costo - 2. Análisis de los rubros de la planilla de cálculo - 3. Parte III Papeles de trabajo y normas complementarias - 1 aFratalocchi, Aldo